Glosario ilustrado de Dermatología y Dermatopatología
Spremljeno u:
| Glavni autor: | |
|---|---|
| Format: | Knjiga |
| Jezik: | španjolski |
| Izdano: |
Bogotá, Colombia
Universidad nacional de Colombia
2004
|
| Teme: | |
| Oznake: |
Dodaj oznaku
Bez oznaka, Budi prvi tko označuje ovaj zapis!
|
MARC
| LEADER | 00000nam a2200000 a 4500 | ||
|---|---|---|---|
| 001 | UCI2577 | ||
| 003 | CL-VaPUC | ||
| 005 | 20220122074446.0 | ||
| 008 | 070831e20040000CK |||||||||||||||||spa|d | ||
| 999 | |c 327068 |d 327066 | ||
| 020 | |a 9587013891 | ||
| 040 | |c Pontificia Universidad Católica de Valparaíso | ||
| 082 | 0 | 4 | |a 616.5 ROD 2004 |2 21 |
| 100 | 0 | |a Rodríguez Toro, Gerzaín |9 523592 | |
| 245 | 1 | 0 | |a Glosario ilustrado de Dermatología y Dermatopatología |
| 260 | 0 | 3 | |a Bogotá, Colombia |b Universidad nacional de Colombia |c 2004 |
| 300 | |a 272 páginas | ||
| 583 | |a last modification |c 20070831 00:00:00 |k Rodrigo Vera | ||
| 650 | 7 | |a DERMATOLOGIA |2 CL-VaPUC |9 459457 | |
| 650 | 7 | |a DERMATOSIS |2 CL-VaPUC |9 523593 | |
| 650 | 7 | |a ENFERMEDADES DE LA PIEL |2 CL-VaPUC |9 334737 | |
| 650 | 0 | |a Diccionarios |9 256200 | |
| 650 | 7 | |a MANIFESTACIONES DERMICAS |2 CL-VaPUC |9 523594 | |
| 650 | 7 | |a SISTEMA TEGUMENTARIO |2 CL-VaPUC |9 343787 | |
| 942 | |c BK |2 ddc | ||
| 945 | |d 20070831 00:00:00 |a rbrito | ||
| 952 | |0 0 |1 0 |2 ddc |4 0 |6 616_500000000000000_ROD_2004 |7 0 |8 A |9 409475 |a BIBCUR |b BIBCUR |d 2019-11-22 |i 4369076 |l 3 |o 616.5 ROD 2004 |p 4369076 |r 2025-04-22 |s 2023-11-29 |t 1 |w 2019-11-22 |y BK |k BIO | ||